Achado não é roubado? (Record no. 47502)

MARC details
000 -LÍDER
campo de controle de tamanho fixo 00362 a2200157 4500
001 - NÚMERO DE CONTROLE
campo de controle 47502
020 ## - ISBN - INTERNATIONAL STANDARD BOOK NUMBER
ISBN - International Standard Book Number 9788568651209
040 ## - FONTE DA CATALOGAÇÃO
Instituição que transcreveu o registro Anchieta - Aquarius
100 ## - ENTRADA PRINCIPAL--NOME PESSOAL
Nome pessoal Immisch, Nathalia
240 10 - TÍTULO UNIFORME
Título uniforme Achado não é roubado?
Idioma da obra por
245 10 - TÍTULO
Título Achado não é roubado?
300 ## - DESCRIÇÃO FÍSICA
Extensão 44p.
362 0# - DATAS DE PUBLICAÇÃO E/OU DESIGNAÇÃO SEQUENCIAL
Datas de publicação e/ou designação sequencial 2017
650 #4 - ASSUNTO--TERMO TÓPICO
Cabeçalho tópico ou nome geográfico Literatura infanto-juvenil
942 ## - ELEMENTOS DE ENTRADA ADICIONADOS (KOHA)
Tipo de material Koha Livros
Holdings
Situação do descarte Situação das perdas Situação física Não pode ser emprestado Biblioteca de origem Biblioteca atual Data de aquisição Total de empréstimos Número de chamada completo Código de barras Data de último acesso Data do preço efetivo Tipo de material Koha Data do último empréstimo
        Canadian School of Niterói - Piratininga Canadian School of Niterói - Piratininga 09/02/2024   A3 - IMM A13191 09/02/2024 09/02/2024 Livros  
        Colégio Anchieta - Aquarius Colégio Anchieta - Aquarius 21/11/2023   028.5 IMM ACH 6234/AQU 21/11/2023 21/11/2023 Livros  
        Colégio Anchieta - Aquarius Inspira 21/11/2023 1 028.5 IMM ACH 7469/AQU 21/11/2023 21/11/2023 Livros 21/11/2023